000 00921nam a22002417a 4500
005 20210815182632.0
008 210811s1998 pe a|||fr|||| 001 0 spa d
040 _aCENDOC CAAAP
_bspa
_cCAAAP
041 _aspa
050 _aHD 6073
_bV66
100 1 _93906
_aVillanueva Chávez, Alicia
245 _aEs necesario darnos un empujoncito /
_cAlicia Villanueva Chávez
250 _a1ra ed-.
260 _aLima:
_bManuela Ramos,
_c1995
300 _a102 p.:
_bilustraciones ;
_c17 cm.
490 _a(Mujer y empresa)
505 _aContiene : Manuela Ramos, una institución que nos permite ser creativas -- Primeros apuntes para un sueño -- El reto, un taller de artesanía -- Por una empresa de mujeres -- Un retrato actual -- Un camino desconocido, aprendimos juntas.
650 0 _9719
_aMujeres
650 2 0 _92487
_aArtesanos
_zPerú
650 2 0 _92479
_aEmpoderamiento
942 _2lcc
_b10 - 08 - 21
_cBK
999 _c2171
_d2171